[Event "Kavala GRE, 20th Open"]
[Site "Kavala GRE"]
[Date "2011.07.30"]
[Round "1"]
[White "Ashwin, J."]
[Black "Iskos, A."]
[Result "1/2-1/2"]
[WhiteElo "2449"]
[BlackElo "2103"]
[PlyCount "142"]
[EventDate "2011.07.30"]
[EventRounds "9"]
[EventCountry "GRE"]

1. e4 c6 2. d4 d5 3. e5 Bf5 4. Nd2 e6 5. Nb3 Nd7 6. Nf3 Ne7 7. Be2 Nc8 8. a4
Be7 9. O-O O-O 10. a5 a6 11. c3 f6 12. Bf4 fxe5 13. Nxe5 Nd6 14. Nxd7 Qxd7 15.
Nc5 Qc8 16. Re1 Ne4 17. Nxe4 Bxe4 18. Bg3 Qd7 19. b4 Bd6 20. Bd3 Bxg3 21. hxg3
Bxd3 22. Qxd3 Rf6 23. Re5 Qf7 24. f3 Qg6 25. Qxg6 Rxg6 26. g4 h6 27. Rae1 Kf7
28. Kf2 Rf6 29. Kg3 g5 30. Rf1 Ke7 31. f4 gxf4+ 32. Rxf4 Rxf4 33. Kxf4 Rf8+ 34.
Kg3 Rg8 35. Kh4 Kf6 36. Rh5 Rh8 37. Kg3 Kg6 38. Re5 Kf6 39. Kf4 Rg8 40. Rh5 Kg6
41. Ke5 Rf8 42. Kd6 Rf2 43. Kc7 Rf7+ 44. Kc8 Rg7 45. Kd8 Rf7 46. Re5 Kf6 47.
Kc8 Rh7 48. Re2 Kg5 49. Rxe6 Kxg4 50. Rg6+ Kf4 51. g4 Ke4 52. Rf6 Kd3 53. Rf3+
Kc4 54. Rh3 Rg7 55. Kb8 Kb5 56. Rxh6 b6 57. c4+ dxc4 58. Rh5+ Kxb4 59. axb6
Rxg4 60. b7 Kc3 61. Ka7 Rg8 62. Rh7 Kxd4 63. Rc7 c3 64. Kxa6 Rb8 65. Rxc6 Kd3
66. Rd6+ Ke2 67. Ka7 Rxb7+ 68. Kxb7 c2 69. Rc6 Kd2 70. Kb6 c1=Q 71. Rxc1 Kxc1
1/2-1/2

[Event "Kavala GRE, 20th Open"]
[Site "Kavala GRE"]
[Date "2011.07.30"]
[Round "1"]
[White "Bartel, M."]
[Black "Theodoulidis, T."]
[Result "1-0"]
[WhiteElo "2611"]
[BlackElo "2196"]
[PlyCount "63"]
[EventDate "2011.07.30"]
[EventRounds "9"]
[EventCountry "GRE"]

1. e4 c6 2. d4 d5 3. e5 c5 4. dxc5 Nc6 5. Bb5 e6 6. Be3 Bd7 7. Bxc6 Bxc6 8. Nf3
Qc7 9. Nbd2 Ne7 10. c3 Ng6 11. Bd4 Nf4 12. O-O Bb5 13. c4 Bxc4 14. Nxc4 dxc4
15. Qa4+ Qc6 16. Qxc4 O-O-O 17. Be3 Nd5 18. b4 Nxe3 19. fxe3 Be7 20. Rac1 Qd5
21. Qc2 Qd3 22. Qf2 Rhf8 23. h3 Rd5 24. Kh2 f6 25. c6 fxe5 26. e4 Rd4 27. Qg3
Rxe4 28. Qxg7 Qd6 29. Rfd1 Qxb4 30. cxb7+ Kb8 31. Rd7 Bd6 32. Qxf8+ 1-0

[Event "Kavala GRE, 20th Open"]
[Site "Kavala GRE"]
[Date "2011.07.30"]
[Round "1"]
[White "Gavriilidis, G."]
[Black "Svetushkin, D."]
[Result "0-1"]
[WhiteElo "2159"]
[BlackElo "2576"]
[PlyCount "76"]
[EventDate "2011.07.30"]
[EventRounds "9"]
[EventCountry "GRE"]

1. d4 d5 2. Nf3 Nf6 3. c4 c6 4. Nc3 a6 5. cxd5 cxd5 6. Qb3 Nc6 7. Bg5 e6 8. e3
h6 9. Bh4 Na5 10. Qc2 Bd7 11. Bd3 Rc8 12. O-O Bb4 13. Ne5 b5 14. Be2 Nc4 15.
Bxc4 bxc4 16. Nxd7 Qxd7 17. Bxf6 gxf6 18. e4 dxe4 19. Qxe4 f5 20. Qe5 O-O 21.
Rfe1 Kh7 22. Rad1 Rcd8 23. Re3 Bd6 24. Qa5 Qb7 25. Na4 Rg8 26. g3 f4 27. Rc3
Bb4 28. Qh5 Bxc3 29. bxc3 Rd5 30. Qe2 f3 31. Qxc4 Qb5 32. Qb3 Qe2 33. Qb1+ Kg7
34. Re1 Rb5 35. Qc1 Rgb8 36. Nc5 Rb1 37. Qxb1 Rxb1 38. Rxb1 Qxa2 0-1

[Event "Kavala GRE, 20th Open"]
[Site "Kavala GRE"]
[Date "2011.07.30"]
[Round "1"]
[White "Gimnopoulos, L."]
[Black "Margvelashvili, G."]
[Result "0-1"]
[WhiteElo "2144"]
[BlackElo "2525"]
[PlyCount "70"]
[EventDate "2011.07.30"]
[EventRounds "9"]
[EventCountry "GRE"]

1. d4 Nf6 2. Nf3 g6 3. g3 Bg7 4. Bg2 O-O 5. O-O d6 6. b3 Nbd7 7. Bb2 Re8 8. d5
e5 9. dxe6 Rxe6 10. Nbd2 Re8 11. Ne1 a5 12. a4 Qe7 13. e3 Ne5 14. Nef3 Nfg4 15.
Nxe5 Nxe5 16. h3 Nf3+ 17. Nxf3 Bxb2 18. Rb1 Bg7 19. Nd4 c6 20. Qd3 d5 21. Rbd1
Bd7 22. c4 dxc4 23. Qxc4 Red8 24. Rd3 Be8 25. Rfd1 Kf8 26. h4 Rd7 27. e4 Rad8
28. f4 Qb4 29. Qxb4+ axb4 30. e5 c5 31. Bxb7 cxd4 32. Bc6 Rc7 33. Bxe8 Kxe8 34.
Rxd4 Rxd4 35. Rxd4 Bf8 0-1

[Event "Kavala GRE, 20th Open"]
[Site "Kavala GRE"]
[Date "2011.07.30"]
[Round "1"]
[White "Gopal, G."]
[Black "Ketzetzis, G."]
[Result "1-0"]
[WhiteElo "2576"]
[BlackElo "2164"]
[PlyCount "45"]
[EventDate "2011.07.30"]
[EventRounds "9"]
[EventCountry "GRE"]

1. e4 c6 2. d4 d5 3. e5 Bf5 4. Nf3 e6 5. Be2 Nd7 6. O-O Ne7 7. Nbd2 a6 8. Nh4
Bg6 9. c3 c5 10. Nxg6 hxg6 11. Nf3 Nc6 12. g3 Rc8 13. h4 Be7 14. Kg2 Qb6 15.
Rb1 cxd4 16. cxd4 Rc7 17. Be3 Na5 18. b3 Nb8 19. Rh1 Nbc6 20. b4 Nxb4 21. a3
Nac6 22. axb4 Nxb4 23. Qa4+ 1-0

[Event "Kavala GRE, 20th Open"]
[Site "Kavala GRE"]
[Date "2011.07.30"]
[Round "1"]
[White "Gupta, A."]
[Black "Kokolias, K."]
[Result "1-0"]
[WhiteElo "2627"]
[BlackElo "2205"]
[PlyCount "63"]
[EventDate "2011.07.30"]
[EventRounds "9"]
[EventCountry "GRE"]

1. d4 d5 2. c4 c6 3. Nf3 Nf6 4. Nc3 dxc4 5. a4 c5 6. e4 cxd4 7. Qxd4 Qa5 8.
Bxc4 Nc6 9. Qe3 e6 10. O-O Bc5 11. Qe2 O-O 12. e5 Nd5 13. Bd3 Nxc3 14. bxc3 Be7
15. Ba3 Bxa3 16. Rxa3 Qc5 17. Rb3 b6 18. Rb5 Qxc3 19. Qe3 Kh8 20. Rc1 Qa3 21.
Be4 Qxe3 22. fxe3 Bb7 23. Bxc6 Rac8 24. Nd4 Rfd8 25. Rb2 g5 26. Rbc2 Bxc6 27.
Rxc6 Rxc6 28. Rxc6 Rd5 29. Rc7 Ra5 30. Rxf7 Rxa4 31. Nxe6 h6 32. Nd4 1-0

[Event "Kavala GRE, 20th Open"]
[Site "Kavala GRE"]
[Date "2011.07.30"]
[Round "1"]
[White "Halkias, s"]
[Black "Aftsoglou, i"]
[Result "1-0"]
[WhiteElo "2600"]
[BlackElo "2186"]
[PlyCount "81"]
[EventDate "2011.07.30"]
[EventRounds "9"]
[EventCountry "GRE"]

1. c4 c5 2. Nc3 Nf6 3. Nf3 d6 4. d4 Nbd7 5. g3 a6 6. Bg2 e6 7. O-O Be7 8. b3
O-O 9. Qc2 Qc7 10. dxc5 Nxc5 11. Bb2 h6 12. Nd4 Ncd7 13. Rac1 Rd8 14. e3 Ne5
15. h3 Bd7 16. Qe2 Nc6 17. Rfd1 Nxd4 18. exd4 Re8 19. Qf3 Rab8 20. Qf4 Qa5 21.
a3 Qd8 22. Qd2 Bc6 23. d5 Bd7 24. dxe6 fxe6 25. Qe3 b6 26. Ne4 Nxe4 27. Qxe4
Rf8 28. Rc2 Qe8 29. Bf1 g6 30. Bd3 Kh7 31. h4 h5 32. Qe2 Kg8 33. Qe3 e5 34. Be4
Bf5 35. Rcd2 Bxe4 36. Qxe4 Qf7 37. Re2 b5 38. c5 dxc5 39. Rd7 Qe6 40. Bxe5 Rbe8
41. Rc7 1-0

[Event "Kavala GRE, 20th Open"]
[Site "Kavala GRE"]
[Date "2011.07.30"]
[Round "1"]
[White "Hamaletsos, H."]
[Black "Mastrovasilis, D."]
[Result "0-1"]
[WhiteElo "2188"]
[BlackElo "2604"]
[PlyCount "94"]
[EventDate "2011.07.30"]
[EventRounds "9"]
[EventCountry "GRE"]

1. e4 c5 2. Nf3 e6 3. Nc3 a6 4. a4 Nc6 5. Be2 Qc7 6. O-O Nf6 7. d3 Be7 8. Bg5
O-O 9. Qd2 d6 10. Bd1 Bd7 11. Ne2 h6 12. Bh4 Rad8 13. c3 Ne5 14. Nxe5 dxe5 15.
Bxf6 Bxf6 16. c4 Bc6 17. Qc3 Rd6 18. Bc2 Rfd8 19. a5 R8d7 20. f4 Qd8 21. Ra3 g6
22. fxe5 Bg7 23. d4 cxd4 24. Qg3 d3 25. exd6 dxe2 26. Re1 Rxd6 27. Rd3 Rxd3 28.
Bxd3 Qxa5 29. Rxe2 Be5 30. b4 Qa1+ 31. Qe1 Qd4+ 32. Re3 Bf4 33. Kf2 Kg7 34. b5
axb5 35. cxb5 Bd7 36. Kf3 e5 37. g3 Bxe3 38. Qxe3 Bg4+ 39. Kf2 Kf6 40. h4 b6
41. Bf1 Be6 42. Bd3 Qxe3+ 43. Kxe3 Ke7 44. h5 Kd6 45. Kd2 Kc5 46. Kc3 g5 47.
Be2 f6 0-1

[Event "Kavala GRE, 20th Open"]
[Site "Kavala GRE"]
[Date "2011.07.30"]
[Round "1"]
[White "Kohlweyer, B."]
[Black "Vlassis, G."]
[Result "1/2-1/2"]
[WhiteElo "2494"]
[BlackElo "2138"]
[PlyCount "72"]
[EventDate "2011.07.30"]
[EventRounds "9"]
[EventCountry "GRE"]

1. d4 Nf6 2. c4 e5 3. dxe5 Ne4 4. a3 b6 5. Nf3 Bb7 6. g3 a5 7. b3 Bc5 8. e3 O-O
9. Bg2 Ng5 10. Bb2 Nxf3+ 11. Bxf3 Bxf3 12. Qxf3 Nc6 13. Nd2 Re8 14. Qd5 Nxe5
15. Bxe5 c6 16. Qd3 Rxe5 17. Nf3 Re6 18. O-O Qe7 19. b4 Bd6 20. Nd4 Rf6 21.
Rfd1 Be5 22. Rab1 Bxd4 23. Qxd4 axb4 24. axb4 Ra2 25. Rb2 Rxb2 26. Qxb2 h5 27.
h4 d6 28. b5 c5 29. Rd5 Qe4 30. Qe2 g6 31. Rd2 Re6 32. Qd3 Qe5 33. Kf1 Rf6 34.
Ke2 Qa1 35. Rd1 Qb2+ 36. Rd2 Qa1 1/2-1/2

[Event "Kavala GRE, 20th Open"]
[Site "Kavala GRE"]
[Date "2011.07.30"]
[Round "1"]
[White "Kosic, D."]
[Black "Michelakos, P."]
[Result "1-0"]
[WhiteElo "2483"]
[BlackElo "2111"]
[PlyCount "115"]
[EventDate "2011.07.30"]
[EventRounds "9"]
[EventCountry "GRE"]

1. d4 Nf6 2. Nf3 e6 3. e3 b6 4. Bd3 Bb7 5. O-O Be7 6. c4 O-O 7. Nc3 d5 8. cxd5
exd5 9. b3 Nbd7 10. Bb2 Re8 11. Rc1 a6 12. Ne2 Bd6 13. Ng3 g6 14. Rc2 Ne4 15.
Qc1 Qe7 16. Rxc7 Nxg3 17. hxg3 Bxc7 18. Qxc7 Rab8 19. g4 Rec8 20. Qf4 f6 21. g5
f5 22. g3 Re8 23. Kg2 Bc6 24. Rh1 Bb5 25. Bb1 a5 26. Ne5 Nxe5 27. dxe5 Qe6 28.
Bd4 Rbc8 29. Bb2 Red8 30. Qd4 Rd7 31. Rh4 Rdc7 32. Rf4 Be2 33. Qd2 Ba6 34. g4
Bb7 35. Qd4 Rf7 36. gxf5 gxf5 37. Kf1 Ba6+ 38. Ke1 Rcf8 39. Rh4 Rg7 40. f4 Rc8
41. Kf2 Bb5 42. Rh1 Rcc7 43. Ba3 Rg6 44. Bd6 Rb7 45. Rd1 Bc6 46. Qd3 Rf7 47.
Qa6 Rxg5 48. Qxb6 Rh5 49. Rg1+ Rg7 50. Qxc6 Rh2+ 51. Kf1 Rxg1+ 52. Kxg1 Rb2 53.
Qa8+ Kg7 54. Qf8+ Kg6 55. Bd3 Rxa2 56. Qd8 h6 57. Qh4 Rb2 58. Qg4+ 1-0

[Event "Kavala GRE, 20th Open"]
[Site "Kavala GRE"]
[Date "2011.07.30"]
[Round "1"]
[White "Lagopatis, N."]
[Black "Kolev, A."]
[Result "1/2-1/2"]
[WhiteElo "2181"]
[BlackElo "2590"]
[PlyCount "83"]
[EventDate "2011.07.30"]
[EventRounds "9"]
[EventCountry "GRE"]

1. e4 e5 2. Nf3 Nc6 3. d3 Nf6 4. Be2 g6 5. O-O Bg7 6. c3 O-O 7. b4 d6 8. Nbd2
h6 9. a4 Nh7 10. b5 Nb8 11. Rb1 f5 12. a5 Kh8 13. Ba3 Nd7 14. Nc4 b6 15. Qc2
Rb8 16. Rfe1 Bb7 17. Ra1 Qe7 18. Bf1 fxe4 19. dxe4 Rxf3 20. gxf3 Ng5 21. Bg2
Rf8 22. Qe2 Nf6 23. axb6 axb6 24. Bc1 Nh5 25. Ra7 Rb8 26. Qa2 Kh7 27. Rxb7 Rxb7
28. Qa8 c5 29. bxc6 Ra7 30. Bxg5 hxg5 31. Qb8 Qc7 32. Qxb6 Qxb6 33. Nxb6 Rc7
34. Nd5 Rxc6 35. Bf1 Nf4 36. Bb5 Rc8 37. Nxf4 exf4 38. c4 Be5 39. h3 Ra8 40.
Re2 Kg7 41. Rd2 Ra5 42. Kg2 1/2-1/2

[Event "Kavala GRE, 20th Open"]
[Site "Kavala GRE"]
[Date "2011.07.30"]
[Round "1"]
[White "Maiorov, N."]
[Black "Zografos, A."]
[Result "1-0"]
[WhiteElo "2535"]
[BlackElo "2150"]
[PlyCount "61"]
[EventDate "2011.07.30"]
[EventRounds "9"]
[EventCountry "GRE"]

1. d4 Nf6 2. c4 c5 3. d5 e6 4. Nc3 exd5 5. cxd5 Bd6 6. Nf3 Bc7 7. Bg5 d6 8. e3
O-O 9. Nd2 a6 10. a4 Nbd7 11. Be2 h6 12. Bh4 Re8 13. O-O Ne5 14. Qc2 Ng6 15.
Bg3 Rb8 16. h3 Ne5 17. e4 Bd7 18. f4 Ng6 19. a5 Bxa5 20. Rxa5 Qxa5 21. Nc4 Qc7
22. e5 dxe5 23. fxe5 b5 24. d6 Qd8 25. exf6 bxc4 26. Nd5 Rxe2 27. Qxe2 Be6 28.
Ne7+ Nxe7 29. dxe7 Qd4+ 30. Kh2 Re8 31. Qxe6 1-0

[Event "Kavala GRE, 20th Open"]
[Site "Kavala GRE"]
[Date "2011.07.30"]
[Round "1"]
[White "Makka, E."]
[Black "Marjanovic, S."]
[Result "0-1"]
[WhiteElo "2109"]
[BlackElo "2469"]
[PlyCount "86"]
[EventDate "2011.07.30"]
[EventRounds "9"]
[EventCountry "GRE"]

1. b3 d5 2. Bb2 c5 3. e3 a6 4. f4 Nc6 5. Nf3 Nf6 6. Be2 Bg4 7. O-O Rc8 8. Ne5
Bxe2 9. Qxe2 e6 10. Nxc6 Rxc6 11. d3 Be7 12. Nd2 O-O 13. e4 b5 14. c4 bxc4 15.
bxc4 d4 16. Bc1 Nd7 17. Nf3 Rb6 18. Qf2 f5 19. Re1 h6 20. exf5 exf5 21. Ne5 Bd6
22. Ng6 Rf6 23. Nh4 Qb8 24. g3 Kh7 25. Qe2 Nf8 26. Qe8 Qc7 27. Nf3 Rb8 28. Qh5
Qc6 29. Ne5 Qa4 30. Qe2 Re8 31. Qf2 Rfe6 32. Nf3 Nd7 33. Rxe6 Rxe6 34. Bd2 Nf6
35. h3 Qc2 36. Qf1 Nh5 37. Qb1 Qa4 38. Kf2 Rg6 39. Nh4 Rxg3 40. Nxf5 Rxh3 41.
Qf1 Rh2+ 42. Ke1 Qc2 43. Rd1 Bxf4 0-1

[Event "Kavala GRE, 20th Open"]
[Site "Kavala GRE"]
[Date "2011.07.30"]
[Round "1"]
[White "Makka, I."]
[Black "Zysk, R."]
[Result "0-1"]
[WhiteElo "2102"]
[BlackElo "2437"]
[PlyCount "66"]
[EventDate "2011.07.30"]
[EventRounds "9"]
[EventCountry "GRE"]

1. e4 g6 2. d4 Bg7 3. Nc3 d6 4. Be3 a6 5. f4 Nf6 6. Nf3 b5 7. e5 Nfd7 8. Ne4
Nb6 9. Bd3 Nc6 10. c3 f6 11. exf6 exf6 12. O-O O-O 13. Ng3 f5 14. h4 Be6 15. b3
Bd5 16. Be2 Qf6 17. Rc1 Rae8 18. Bf2 h6 19. Qd2 Re7 20. h5 g5 21. Nxg5 hxg5 22.
fxg5 Qe6 23. h6 f4 24. hxg7 Rxg7 25. Be1 fxg3 26. Rxf8+ Kxf8 27. Bxg3 Re7 28.
Rf1+ Kg7 29. Rf2 Qe3 30. Qe1 b4 31. Bf4 Qxc3 32. Qf1 Nxd4 33. Bd1 Re1 0-1

[Event "Kavala GRE, 20th Open"]
[Site "Kavala GRE"]
[Date "2011.07.30"]
[Round "1"]
[White "Mamedov, N."]
[Black "Tepelenis, N."]
[Result "1-0"]
[WhiteElo "2575"]
[BlackElo "2156"]
[PlyCount "73"]
[EventDate "2011.07.30"]
[EventRounds "9"]
[EventCountry "GRE"]

1. e4 e6 2. d4 d5 3. Nc3 Nf6 4. Bg5 Bb4 5. Nge2 dxe4 6. a3 Be7 7. Bxf6 Bxf6 8.
Nxe4 O-O 9. Qd2 e5 10. O-O-O exd4 11. Nxf6+ Qxf6 12. Qxd4 Qxd4 13. Nxd4 c6 14.
Bc4 Re8 15. Rhe1 Rxe1 16. Rxe1 Kf8 17. Nf3 f6 18. Nd4 a5 19. Bd3 h6 20. Bg6 Bd7
21. Bf5 c5 22. Ne6+ Bxe6 23. Rxe6 Nc6 24. Be4 Rd8 25. Bxc6 Kf7 26. Bd5 Rxd5 27.
Rb6 Rd7 28. Rb5 Rc7 29. Rxa5 Ke6 30. Rb5 Kd6 31. Rb6+ Kd5 32. Kd2 Re7 33. a4 h5
34. Kd3 h4 35. h3 c4+ 36. Kc3 Kc5 37. Rb4 1-0

[Event "Kavala GRE, 20th Open"]
[Site "Kavala GRE"]
[Date "2011.07.30"]
[Round "1"]
[White "Nikolov, Momchil"]
[Black "Tzintzios, G."]
[Result "1-0"]
[WhiteElo "2589"]
[BlackElo "2174"]
[PlyCount "61"]
[EventDate "2011.07.30"]
[EventRounds "9"]
[EventCountry "GRE"]

1. d4 Nf6 2. c4 e6 3. Nc3 Bb4 4. Qc2 O-O 5. a3 Bxc3+ 6. Qxc3 d5 7. e3 Nbd7 8.
Nf3 b6 9. b3 Bb7 10. Be2 c5 11. O-O cxd4 12. exd4 Rc8 13. a4 Ne4 14. Qe3 f5 15.
Bd3 Qf6 16. Bb2 f4 17. Qe2 Qh6 18. a5 g5 19. h3 Rc7 20. axb6 axb6 21. Rfe1 Ndf6
22. Ne5 f3 23. Qxf3 Nh5 24. Ng4 Qg7 25. Qe3 Nhf6 26. f3 Nxg4 27. hxg4 Nf6 28.
Qxe6+ Kh8 29. Ba3 Ra8 30. Bd6 Rxa1 31. Rxa1 1-0

[Event "Kavala GRE, 20th Open"]
[Site "Kavala GRE"]
[Date "2011.07.30"]
[Round "1"]
[White "Osmanoglou, H."]
[Black "Mastrovasilis, A."]
[Result "0-1"]
[WhiteElo "2154"]
[BlackElo "2537"]
[PlyCount "82"]
[EventDate "2011.07.30"]
[EventRounds "9"]
[EventCountry "GRE"]

1. Nf3 Nf6 2. c4 e6 3. g3 d5 4. d4 Bb4+ 5. Bd2 Bd6 6. c5 Be7 7. Nc3 Nc6 8. Rb1
O-O 9. Qc2 e5 10. dxe5 Ng4 11. Bg2 d4 12. Nb5 a6 13. Na3 g6 14. Rd1 Qd5 15. O-O
Bf5 16. Qc4 Qxc4 17. Nxc4 d3 18. e4 Be6 19. Ne3 Bxc5 20. Nd5 Bxd5 21. exd5
Ncxe5 22. Nxe5 Nxe5 23. Bf4 Rfe8 24. Bxe5 Rxe5 25. Rxd3 Re2 26. d6 cxd6 27.
Bxb7 Ra7 28. Rb3 a5 29. a4 Bb4 30. Bf3 Rc2 31. Rd1 Re7 32. Kg2 Kg7 33. h4 h5
34. Kg1 Be1 35. Bd5 Bxf2+ 36. Kf1 Bc5 37. Rf3 Rh2 38. Rf4 Rxb2 39. Re1 Rxe1+
40. Kxe1 f5 41. Rf3 Kf6 0-1

[Event "Kavala GRE, 20th Open"]
[Site "Kavala GRE"]
[Date "2011.07.30"]
[Round "1"]
[White "Papadimitriou, A."]
[Black "Solak, D."]
[Result "0-1"]
[WhiteElo "2184"]
[BlackElo "2598"]
[PlyCount "64"]
[EventDate "2011.07.30"]
[EventRounds "9"]
[EventCountry "GRE"]

1. Nf3 c5 2. g3 Nc6 3. c4 g6 4. Bg2 Bg7 5. Nc3 d6 6. O-O e5 7. d3 Nge7 8. Ne1
Be6 9. Nc2 d5 10. cxd5 Nxd5 11. Nxd5 Bxd5 12. e4 Be6 13. Be3 Qe7 14. f4 exf4
15. gxf4 Rd8 16. f5 Bc8 17. Qe2 Bxb2 18. Rab1 Be5 19. Qf2 b6 20. h4 Rxd3 21.
fxg6 hxg6 22. Bg5 f6 23. Bxf6 Qxf6 24. Qxf6 Bxf6 25. Rxf6 Ne5 26. Ne1 Rg3 27.
Rf4 Ke7 28. Rd1 Be6 29. a4 Ra3 30. Nf3 Nxf3+ 31. Rxf3 Rxa4 32. e5 Bg4 0-1

[Event "Kavala GRE, 20th Open"]
[Site "Kavala GRE"]
[Date "2011.07.30"]
[Round "1"]
[White "Papadimitriou, L."]
[Black "Burmakin, V."]
[Result "0-1"]
[WhiteElo "2166"]
[BlackElo "2579"]
[PlyCount "80"]
[EventDate "2011.07.30"]
[EventRounds "9"]
[EventCountry "GRE"]

1. d4 d5 2. c4 e6 3. Nc3 Nf6 4. Bg5 c6 5. e3 Nbd7 6. cxd5 exd5 7. Bd3 Be7 8.
Qc2 h6 9. Bh4 O-O 10. Nf3 Re8 11. O-O Ne4 12. Bxe4 Bxh4 13. Bh7+ Kh8 14. Nxh4
Qxh4 15. Bf5 Nb6 16. b3 Qg5 17. Bxc8 Nxc8 18. b4 a6 19. Na4 Nd6 20. Nc5 Re7 21.
a4 Rae8 22. Rab1 h5 23. Rb3 g6 24. Nd3 Kg7 25. Qe2 Qf6 26. Ne5 Qe6 27. Qd3 Nc4
28. f4 Nd6 29. Rf3 Nf5 30. h3 Nh4 31. Rg3 Qf5 32. Qd2 Qe4 33. Kf2 f6 34. Nd3
Nf5 35. Rf3 Nxe3 36. Nc5 Nc4 37. Nxe4 Nxd2 38. Nxd2 Re2+ 39. Kg3 Rxd2 40. b5
Ree2 0-1

[Event "Kavala GRE, 20th Open"]
[Site "Kavala GRE"]
[Date "2011.07.30"]
[Round "1"]
[White "Pavlidou, E."]
[Black "Socko, B."]
[Result "0-1"]
[WhiteElo "2220"]
[BlackElo "2631"]
[PlyCount "86"]
[EventDate "2011.07.30"]
[EventRounds "9"]
[EventCountry "GRE"]

1. d4 Nf6 2. c4 e6 3. Nc3 Bb4 4. e3 O-O 5. Bd3 d5 6. Nf3 c5 7. O-O cxd4 8. exd4
dxc4 9. Bxc4 b6 10. Qe2 Bb7 11. Rd1 Bxc3 12. bxc3 Qc7 13. Bd2 Ne4 14. Rac1 Nd7
15. Be1 Rac8 16. Bd3 Qf4 17. a4 Rfd8 18. a5 bxa5 19. c4 Ng5 20. Nxg5 Qxg5 21.
f3 Nb6 22. Ra1 a4 23. c5 Nd5 24. Bd2 Qf6 25. Rxa4 Bc6 26. Bb5 Bxb5 27. Qxb5 h6
28. Qa6 Ne7 29. Ba5 Rd7 30. Rc4 Qg5 31. c6 Rd6 32. Rdc1 Qe3+ 33. Kf1 Rcxc6 34.
Rxc6 Qxc1+ 35. Rxc1 Rxa6 36. Rc5 Rc6 37. Bb4 Rb6 38. Ba3 Ra6 39. Bb2 Nd5 40.
Ke2 Nf4+ 41. Ke3 Nxg2+ 42. Ke4 Nh4 43. Bc3 Ra2 0-1

[Event "Kavala GRE, 20th Open"]
[Site "Kavala GRE"]
[Date "2011.07.30"]
[Round "1"]
[White "Sandipan, C."]
[Black "Simeonidis, I."]
[Result "1-0"]
[WhiteElo "2656"]
[BlackElo "2244"]
[PlyCount "93"]
[EventDate "2011.07.30"]
[EventRounds "9"]
[EventCountry "GRE"]

1. d4 d5 2. c4 c6 3. Nf3 Nf6 4. e3 Bf5 5. Nc3 e6 6. Nh4 Be4 7. f3 Bg6 8. Qb3
Qc7 9. Bd2 Be7 10. Nxg6 hxg6 11. O-O-O dxc4 12. Bxc4 b5 13. Be2 a6 14. f4 Nbd7
15. Bf3 Rc8 16. Kb1 c5 17. Rc1 O-O 18. h4 Qa7 19. Ne2 Nb6 20. g4 Nc4 21. Qd3
cxd4 22. exd4 Nxd2+ 23. Qxd2 Rxc1+ 24. Qxc1 Rd8 25. h5 gxh5 26. g5 Nd5 27. Rxh5
g6 28. Rh3 Bf8 29. Bxd5 Rxd5 30. Qc8 Qd7 31. Rc3 a5 32. Qxd7 Rxd7 33. Rc8 Kg7
34. Kc2 Be7 35. Kd3 f6 36. gxf6+ Bxf6 37. Rc5 Rb7 38. Nc3 b4 39. Ne4 Bd8 40.
Rc6 b3 41. a3 Rc7 42. Rxc7+ Bxc7 43. Nc5 Kf6 44. Ke4 Ke7 45. Nxb3 Kd6 46. Nd2
Kc6 47. a4 1-0

[Event "Kavala GRE, 20th Open"]
[Site "Kavala GRE"]
[Date "2011.07.30"]
[Round "1"]
[White "Stathopoulos, I."]
[Black "Socko, M."]
[Result "0-1"]
[WhiteElo "2122"]
[BlackElo "2490"]
[PlyCount "62"]
[EventDate "2011.07.30"]
[EventRounds "9"]
[EventCountry "GRE"]

1. d4 Nf6 2. c4 e6 3. Nf3 c5 4. d5 exd5 5. cxd5 d6 6. e4 g6 7. Bd3 Bg7 8. O-O
O-O 9. Nbd2 Ne8 10. a4 b6 11. Qe2 Nd7 12. Nc4 Ba6 13. Bf4 Bxc4 14. Bxc4 Qf6 15.
Bd2 Qe7 16. Bc3 Bxc3 17. bxc3 Nef6 18. Nd2 Rfe8 19. Rfe1 Qe5 20. Rac1 Qg5 21.
g3 h5 22. f4 Qh6 23. Qf3 g5 24. Bb5 gxf4 25. gxf4 Kh8 26. Kh1 Rad8 27. Nc4 Ng4
28. a5 Rg8 29. Rg1 Qf6 30. Rcf1 Qh4 31. Qg3 Qe7 0-1

[Event "Kavala GRE, 20th Open"]
[Site "Kavala GRE"]
[Date "2011.07.30"]
[Round "1"]
[White "Valden, P."]
[Black "Atalik, S."]
[Result "1/2-1/2"]
[WhiteElo "2201"]
[BlackElo "2619"]
[PlyCount "77"]
[EventDate "2011.07.30"]
[EventRounds "9"]
[EventCountry "GRE"]

1. Nf3 d5 2. c4 e6 3. d4 Nf6 4. Nc3 Be7 5. Bg5 h6 6. Bh4 O-O 7. e3 b6 8. Be2
dxc4 9. Bxc4 Bb7 10. O-O Nbd7 11. Qe2 a6 12. a3 b5 13. Ba2 c5 14. dxc5 Nxc5 15.
Rfd1 Qe8 16. Ne5 Rc8 17. Rac1 Nfe4 18. Nxe4 Bxe4 19. Bg3 Bh7 20. f3 Kh8 21. e4
f6 22. Nd3 Nxd3 23. Qxd3 Bc5+ 24. Bf2 Bxf2+ 25. Kxf2 Rxc1 26. Rxc1 Qb8 27. Rd1
Rc8 28. Bb3 Bg8 29. Qd6 Qa7+ 30. Qd4 Qxd4+ 31. Rxd4 e5 32. Rd3 Bxb3 33. Rxb3
Rc2+ 34. Kg3 Kh7 35. a4 bxa4 36. Rb4 Kg6 37. Rxa4 Rxb2 38. Rxa6 h5 39. h4
1/2-1/2

[Event "Kavala GRE, 20th Open"]
[Site "Kavala GRE"]
[Date "2011.07.30"]
[Round "1"]
[White "Zubarev, A."]
[Black "Fakhiridou, E."]
[Result "1-0"]
[WhiteElo "2597"]
[BlackElo "2183"]
[PlyCount "63"]
[EventDate "2011.07.30"]
[EventRounds "9"]
[EventCountry "GRE"]

1. d4 Nf6 2. Nf3 e6 3. g3 d5 4. Bg2 Be7 5. c4 O-O 6. Nbd2 Nbd7 7. O-O b6 8. b3
Ba6 9. Re1 c5 10. Bb2 Rc8 11. e4 dxe4 12. Nxe4 Nxe4 13. Rxe4 Bb7 14. Re2 cxd4
15. Nxd4 Bxg2 16. Kxg2 Nf6 17. Qd3 Qd6 18. f4 Rfd8 19. Qf3 Qc5 20. Re5 Qc7 21.
Rd1 Ne8 22. Nb5 Qb8 23. Ree1 Bf6 24. Bxf6 Nxf6 25. Nd4 Qc7 26. Nc6 Rxd1 27.
Rxd1 g6 28. Ne5 Rd8 29. Rxd8+ Qxd8 30. Qb7 Qf8 31. Qxa7 Ne4 32. Nxf7 1-0

[Event "Kavala GRE, 20th Open"]
[Site "Kavala GRE"]
[Date "2011.07.31"]
[Round "2"]
[White "Burmakin, V."]
[Black "Botsari, A."]
[Result "1-0"]
[WhiteElo "2579"]
[BlackElo "2326"]
[PlyCount "73"]
[EventDate "2011.07.30"]
[EventRounds "9"]
[EventCountry "GRE"]

1. d4 Nf6 2. g3 e6 3. Bg2 d5 4. Nf3 c6 5. O-O Nbd7 6. Nbd2 Bd6 7. e4 Nxe4 8.
Nxe4 dxe4 9. Ng5 Nf6 10. Qe2 O-O 11. Nxe4 Nxe4 12. Qxe4 Re8 13. Bf4 Bxf4 14.
Qxf4 Qb6 15. Rab1 Qa5 16. a3 Qf5 17. Qd2 Rd8 18. Rfe1 Qb5 19. Re4 Bd7 20. Re5
Qb6 21. c3 a5 22. b3 Be8 23. Qc2 Rd6 24. Rbe1 Rc8 25. Be4 h6 26. Bf3 c5 27. d5
Bd7 28. Bg4 Rd8 29. c4 Qa6 30. a4 Qb6 31. h4 Re8 32. Qc3 Rf8 33. dxe6 Bxe6 34.
Bxe6 Rxe6 35. Rxe6 fxe6 36. Qd3 Rf6 37. Rd1 1-0

[Event "Kavala GRE, 20th Open"]
[Site "Kavala GRE"]
[Date "2011.07.31"]
[Round "2"]
[White "Galopoulos, N."]
[Black "Halkias, S."]
[Result "1/2-1/2"]
[WhiteElo "2327"]
[BlackElo "2600"]
[PlyCount "46"]
[EventDate "2011.07.30"]
[EventRounds "9"]
[EventCountry "GRE"]

1. d4 Nf6 2. c4 e6 3. g3 d5 4. Nf3 Be7 5. Bg2 O-O 6. O-O dxc4 7. Qc2 b5 8. a4
b4 9. Nbd2 Bb7 10. Nxc4 Be4 11. Qb3 Bd5 12. Bg5 Nbd7 13. Nfe5 Nxe5 14. dxe5 Nd7
15. Bxe7 Qxe7 16. Rfd1 c6 17. Rac1 Nxe5 18. Bxd5 exd5 19. Nxe5 Qxe5 20. Rxc6
Qxe2 21. Rxd5 Rad8 22. Rxd8 Rxd8 23. Kg2 a5 1/2-1/2

[Event "Kavala GRE, 20th Open"]
[Site "Kavala GRE"]
[Date "2011.07.31"]
[Round "2"]
[White "Gitsis, H."]
[Black "Raznikov, D."]
[Result "0-1"]
[WhiteElo "2032"]
[BlackElo "2434"]
[PlyCount "42"]
[EventDate "2011.07.30"]
[EventRounds "9"]
[EventCountry "GRE"]

1. d4 Nf6 2. c4 c5 3. d5 b5 4. Qc2 bxc4 5. e4 g6 6. Bxc4 d6 7. Nf3 Bg7 8. O-O
O-O 9. Nbd2 a5 10. Rb1 a4 11. a3 e6 12. b3 exd5 13. exd5 Nbd7 14. Rd1 Nb6 15.
bxa4 Bf5 16. Bd3 Bxd3 17. Qxd3 Nfxd5 18. Nc4 Nxc4 19. Qxd5 Rxa4 20. Rb7 h6 21.
Bf4 Na5 0-1